00519nam a2200181 a 450000100060000000300090000600800410001502000150005604000280007108200150009910000270011424500330014126000470017430000110022165000510023265000280028365000260031118582CO-ViMGA141112s2004 ck r 000 u spa d a8448118979 aCO-ViMGAbspacCO-ViMGA04a658.3 M1741 aMarín, Antonio Lucas10aSociología para la empresa aMadríd (España), cMcGraw Hill, c1994 a436.p.14aADMINISTRACION DE PERSONAL - ASPECTOS SOCIALES14aRELACIONES INDUSTRIALES14aSOCIOLOGIA INDUSTRIAL